00233nam a2200085Ia 450000100070000000500170000700800410002424500470006526000350011296774320250826220330.0250824s9999 xx 000 0 und d 0aKÜÇÜK ŞEYLER 2cÜSTÜN DÖKMEN bREMZİ KİTABEVİ YAYINLARI